00439nam a2200145 a 4500008004100000050001600041110004400057245005700101250000900158260005200167300001500219350000900234500002200243650002800265071003s2006 ||||||||||||||||| || u aZAM-PER(05) aTransparency International Zambia (TIZ)10aTI Zambia bulletincTrasparency International Zambia a2006 aLusakabTransparency International Zambiac2006 aperiodical a0.00 aJanuary-June 2006 aGOOD GAVERNANCE--ZAMBIA